000 00764nam a2200289Ia 4500
003 OSt
005 20221006144151.0
006 a|||||r|||| 00| 0
007 ta
008 221006b |||||||| |||| 00| 0 eng d
020 _c
_9.95
024 _a11,034
037 _cTextual
040 _aEASL
_cEASL
_beng
041 _2eng
_aeng
082 _aR841,3,9(Y).N7, L9
100 _aMUNRO Donald J
_982928
245 0 _aConcept of man iin contemporary China
260 _aAnn Arbor
_bUniversity of Michigan Press
_c1979
300 _a248p.
_ccm.
490 _v CEL
650 _a CEL
650 _a Philosophy Chinese
_9425553
650 _aMan
942 _hR841,3,9(Y).N7, L9
_cTEXL
_2CC
999 _c1079120
_d1079120